Robinson Crusoe / (Record no. 48411)
| 000 -LEADER | |
|---|---|
| fixed length control field | 01216nam a2200289 4500 |
| 020 ## - INTERNATIONAL STANDARD BOOK NUMBER | |
| International Standard Book Number | 1402726643 |
| 020 ## - INTERNATIONAL STANDARD BOOK NUMBER | |
| International Standard Book Number | 9781402726644 |
| 040 ## - CATALOGING SOURCE | |
| Original cataloging agency | DLC |
| Transcribing agency | DLC |
| Modifying agency | DLC |
| 042 ## - AUTHENTICATION CODE | |
| Authentication code | lcac |
| 050 00 - LIBRARY OF CONGRESS CALL NUMBER | |
| Classification number | PZ7.M4784548 |
| Item number | Ro 2006 |
| 082 00 - DEWEY DECIMAL CLASSIFICATION NUMBER | |
| Classification number | [Fic] |
| Edition number | 22 |
| 100 1# - MAIN ENTRY--PERSONAL NAME | |
| Personal name | McFadden, Deanna. |
| Relator term | author. |
| 9 (RLIN) | 61738 |
| 245 10 - TITLE STATEMENT | |
| Title | Robinson Crusoe / |
| Statement of responsibility, etc | retold from Daniel Defoe original by Deanna McFadden ; illustrated by Jamel Akib. |
| 260 ## - PUBLICATION, DISTRIBUTION, ETC. (IMPRINT) | |
| Place of publication, distribution, etc | New York, NY : |
| Name of publisher, distributor, etc | Sterling Pub., |
| Date of publication, distribution, etc | 2006. |
| 300 ## - PHYSICAL DESCRIPTION | |
| Extent | vi, 151 p. : |
| Other physical details | ill. ; |
| Dimensions | 20 cm. |
| 490 ## - SERIES STATEMENT | |
| Series statement | Classic starts |
| 520 ## - SUMMARY, ETC. | |
| Summary, etc | An abridged version of the tale of Englishman Robinson Crusoe, who, after becoming the sole survivor of a 1659 shipwreck, lives on a deserted island for more than twenty-eight years. |
| 650 #1 - SUBJECT ADDED ENTRY--TOPICAL TERM | |
| Topical term or geographic name as entry element | Shipwrecks |
| Form subdivision | Fiction. |
| 650 #1 - SUBJECT ADDED ENTRY--TOPICAL TERM | |
| Topical term or geographic name as entry element | Survival |
| Form subdivision | Fiction. |
| 650 #1 - SUBJECT ADDED ENTRY--TOPICAL TERM | |
| Topical term or geographic name as entry element | Islands |
| Form subdivision | Fiction. |
| 650 #1 - SUBJECT ADDED ENTRY--TOPICAL TERM | |
| Topical term or geographic name as entry element | Adventure and adventurers |
| Form subdivision | Fiction. |
| 700 1# - ADDED ENTRY--PERSONAL NAME | |
| Personal name | Akib, Jamel, |
| Relator term | ill. |
| 9 (RLIN) | 86039 |
| 700 1# - ADDED ENTRY--PERSONAL NAME | |
| Personal name | Defoe, Daniel, |
| Dates associated with a name | 1661?-1731. |
| Title of a work | Robinson Crusoe. |
| 9 (RLIN) | 21097 |
| 856 41 - ELECTRONIC LOCATION AND ACCESS | |
| Materials specified | Table of contents only |
| Uniform Resource Identifier | <a href="http://www.loc.gov/catdir/toc/ecip0519/2005026263.html">http://www.loc.gov/catdir/toc/ecip0519/2005026263.html</a> |
| 856 42 - ELECTRONIC LOCATION AND ACCESS | |
| Materials specified | Publisher description |
| Uniform Resource Identifier | <a href="http://www.loc.gov/catdir/enhancements/fy0623/2005026263-d.html">http://www.loc.gov/catdir/enhancements/fy0623/2005026263-d.html</a> |
| 942 ## - ADDED ENTRY ELEMENTS (KOHA) | |
| Source of classification or shelving scheme | |
| Koha item type | Book |
| Withdrawn status | Lost status | Source of classification or shelving scheme | Damaged status | Not for loan | Home library | Current library | Date acquired | Total Checkouts | Full call number | Barcode | Date last seen | Date checked out | Price effective from | Koha item type |
|---|---|---|---|---|---|---|---|---|---|---|---|---|---|---|
| Logos International School | Logos International School | 02/10/2025 | 1 | J FIC MCF | 041722 | 05/19/2025 | 05/16/2025 | 02/10/2025 | Book |